[Event "Mittelrhein Verbandsliga-N 17/18"]
[Site "Nordrheinwestfalen"]
[Date "2018.05.06"]
[Round "11.7"]
[White "Radovinski, Jewgeni"]
[Black "Balduan, Karl Heinz"]
[Result "1-0"]
[WhiteElo "1615"]
[BlackElo "1553"]
[PlyCount "57"]
[EventDate "2017.09.10"]
[EventType "team-swiss"]
[EventRounds "11"]
[EventCountry "GER"]
[SourceTitle "EXT 2022"]
[Source "ChessBase"]
[SourceDate "2021.10.06"]
[SourceVersion "1"]
[SourceVersionDate "2021.10.06"]
[SourceQuality "1"]
[WhiteTeam "Porz SG IV"]
[BlackTeam "Leverkusen Koenigsspringer"]
[WhiteTeamCountry "GER"]
[BlackTeamCountry "GER"]

1. e4 e5 2. Nf3 d6 3. Bc4 Be7 4. d4 exd4 5. Nxd4 Nf6 6. f3 0-0 7. 0-0 Nbd7 8. Nf5 Ne5 9. Nxe7+ Qxe7 10. Bb3 h6 11. Nc3 Be6 12. Nd5 Qd8 13. Re1 Nfd7 14. c4 Nc5 15. f4 Ned3 16. Re3 Bxd5 17. exd5 Nxf4 18. Bc2 Ng6 19. Rg3 Kh7 20. b4 Nd7 21. Qh5 Qf6 22. Rb1 Rae8 23. Bb2 Nde5 24. Rf1 Nf3+ 25. Rfxf3 Qxb2 26. Rf2 Re5 27. Qg4 Rg5 28. Qxg5 hxg5 29. Bxg6+ 1-0

[Event "Mittelrhein Verbandsliga-M 16/17"]
[Site "Nordrheinwestfalen"]
[Date "2016.12.18"]
[Round "5.8"]
[White "Proessdorf, Lennard"]
[Black "Radovinski, Jewgeni"]
[Result "1-0"]
[WhiteElo "1717"]
[BlackElo "1502"]
[PlyCount "81"]
[EventDate "2016.09.11"]
[EventType "team-tourn"]
[EventRounds "11"]
[EventCountry "GER"]
[SourceTitle "EXT 2022"]
[Source "ChessBase"]
[SourceDate "2021.10.06"]
[SourceVersion "1"]
[SourceVersionDate "2021.10.06"]
[SourceQuality "1"]
[WhiteTeam "Leverkusen SC Bayer"]
[BlackTeam "Porz SG V"]
[WhiteTeamCountry "GER"]
[BlackTeamCountry "GER"]

1. e4 e5 2. f4 d5 3. exd5 e4 4. d3 Qxd5 5. Nc3 Bb4 6. Bd2 Qe6 7. dxe4 Bxc3 8. Bxc3 Qxe4+ 9. Qe2 Qxe2+ 10. Bxe2 f6 11. 0-0-0 Be6 12. Nf3 Nc6 13. Rhe1 Kf7 14. h3 h5 15. Bd3 Nge7 16. Nh4 Rad8 17. Rxe6 Kxe6 18. Bc4+ Nd5 19. f5+ Kd7 20. Bxd5 Kc8 21. Ng6 Rhe8 22. Bf3 Rxd1+ 23. Kxd1 Ne7 24. Nxe7+ Rxe7 25. Bxh5 c5 26. Bf3 b5 27. a3 Kc7 28. Bd2 Kd6 29. Bf4+ Kd7 30. Kd2 a5 31. Be3 Kc7 32. Bxc5 Re5 33. Bf8 Rxf5 34. Bxg7 Kd8 35. Bh6 Ke7 36. Be3 Kd6 37. Ke2 Re5 38. Kf2 Re8 39. c3 Rc8 40. Bb6 b4 41. Bxa5 1-0

[Event "Cologne Longerich op-B 13th"]
[Site "Cologne"]
[Date "2016.08.14"]
[Round "5"]
[White "Ipekyilmaz, Tayfun"]
[Black "Radovinski, Jewgeni"]
[Result "1-0"]
[WhiteElo "1640"]
[BlackElo "1488"]
[PlyCount "139"]
[EventDate "2016.08.12"]
[EventType "swiss"]
[EventRounds "5"]
[EventCountry "GER"]
[SourceTitle "EXT 2022"]
[Source "ChessBase"]
[SourceDate "2021.10.06"]
[SourceVersion "1"]
[SourceVersionDate "2021.10.06"]
[SourceQuality "1"]

1. e4 e5 2. f4 d5 3. exd5 e4 4. Bb5+ Bd7 5. Qe2 Nf6 6. Nc3 Qe7 7. d3 Bxb5 8. Nxb5 a6 9. Nc3 exd3 10. cxd3 Qxe2+ 11. Ngxe2 Bb4 12. 0-0 0-0 13. Be3 Rd8 14. Rac1 Nbd7 15. a3 Bd6 16. Ng3 Bc5 17. d4 Ba7 18. Kh1 Nb6 19. f5 Nbxd5 20. Bg1 c6 21. Nge4 Bb8 22. Nxd5 Nxd5 23. Nc5 b6 24. Nb7 Rc8 25. Rfe1 f6 26. Re6 Ra7 27. Nd6 Bxd6 28. Rxd6 Rac7 29. g3 Kf7 30. Re6 g6 31. g4 Nf4 32. Re4 Nd5 33. Bf2 Re7 34. fxg6+ hxg6 35. Rxe7+ Kxe7 36. Bg3 Kd7 37. Kg2 Ne3+ 38. Kf3 Nd5 39. h4 Re8 40. Re1 Rxe1 41. Bxe1 Ke6 42. Bd2 f5 43. g5 Ne7 44. Bc3 a5 45. Kf4 Nd5+ 46. Kf3 Ne7 47. Kf4 Kd5 48. Ke3 Kc4 49. Kf4 Kd5 50. Ke3 Kc4 51. Kf4 Nd5+ 52. Ke5 f4 53. Ke4 a4 54. Kf3 c5 55. dxc5 bxc5 56. h5 gxh5 57. g6 Ne7 58. g7 Kd5 59. Kxf4 h4 60. Kg4 Ke6 61. Kxh4 Kf7 62. Kg5 Nd5 63. Kf5 Ne3+ 64. Ke4 Nd1 65. Kd5 Nf2 66. Kxc5 Ne4+ 67. Kb5 Nxc3+ 68. bxc3 Kxg7 69. Kc6 Kf6 70. Kd6 1-0

[Event "Cologne Longerich op-B 12th"]
[Site "Cologne"]
[Date "2015.08.02"]
[Round "4"]
[White "Ipekyilmaz, Mert"]
[Black "Radovinski, Jewgeni"]
[Result "0-1"]
[WhiteElo "1205"]
[BlackElo "1500"]
[PlyCount "66"]
[EventDate "2015.07.31"]
[EventType "tourn"]
[EventRounds "5"]
[EventCountry "GER"]
[SourceTitle "EXT 2017"]
[Source "ChessBase"]
[SourceDate "2016.10.25"]
[SourceVersion "1"]
[SourceVersionDate "2016.10.25"]
[SourceQuality "1"]

1. e4 e5 2. Nf3 Nc6 3. Nc3 Nf6 4. d4 exd4 5. Nxd4 Bb4 6. Nxc6 bxc6 7. Bd3 d5 8. 0-0 Bxc3 9. bxc3 dxe4 10. Re1 0-0 11. Bc4 Bg4 12. Qxd8 Rfxd8 13. Bg5 Bf5 14. Bb3 Rd6 15. Bf4 Rd7 16. Ba4 Re7 17. Bxc6 Rb8 18. Rab1 Rb6 19. Rxb6 cxb6 20. Rd1 h6 21. Bd6 Re6 22. Bd5 Nxd5 23. Rxd5 Bg6 24. Bb8 Rc6 25. Bxa7 Rxc3 26. h3 Rxc2 27. Bxb6 Rxa2 28. Be3 f6 29. Rd7 Ra6 30. h4 f5 31. g3 Bh5 32. Rd5 Ra1+ 33. Kh2 Bf3 0-1

[Event "Cologne Longerich op-B 12th"]
[Site "Cologne"]
[Date "2015.07.31"]
[Round "1"]
[White "Radovinski, Jewgeni"]
[Black "Havenith, Michael"]
[Result "0-1"]
[WhiteElo "1500"]
[BlackElo "1646"]
[PlyCount "96"]
[EventDate "2015.07.31"]
[EventType "tourn"]
[EventRounds "5"]
[EventCountry "GER"]
[SourceTitle "EXT 2017"]
[Source "ChessBase"]
[SourceDate "2016.10.25"]
[SourceVersion "1"]
[SourceVersionDate "2016.10.25"]
[SourceQuality "1"]

1. e4 c6 2. c4 d5 3. exd5 cxd5 4. d4 Nf6 5. Nc3 Nc6 6. Nf3 Bg4 7. Be2 e6 8. h3 Bxf3 9. Bxf3 dxc4 10. Qa4 Qd7 11. Be3 Be7 12. Qxc4 Rc8 13. Qa4 Nb4 14. Qxd7+ Kxd7 15. Kd2 b6 16. Rac1 Rhd8 17. a3 Nc6 18. Nb5 a6 19. Nc3 Ke8 20. Na4 Nxd4 21. Rxc8 Nxf3+ 22. Ke2 Rxc8 23. Kxf3 b5 24. Nc3 Bxa3 25. Nxb5 axb5 26. bxa3 Rc3 27. Rb1 Rxa3 28. Rxb5 Nd5 29. Rb8+ Ke7 30. Rh8 h6 31. Ke4 f5+ 32. Kf3 f4 33. Rh7 Kf7 34. Rh8 fxe3 35. Rb8 exf2+ 36. Kxf2 Nf4 37. Rb7+ Kf6 38. Rb8 Ra2+ 39. Kg3 Nxg2 40. Rf8+ Ke7 41. Rb8 Ne3 42. Rb7+ Kf6 43. Kf3 Nf5 44. Rb8 Ra7 45. Rb4 g5 46. Kg4 Rd7 47. Kh5 Rd4 48. h4 Ng3+ 0-1